Every US State by Emoji - Statistics

General Stats
  • This quiz has been taken 17 times
  • The average score is 30 of 50
Answer Stats
Hint Answer % Correct
πŸ—½πŸš•πŸŽ New York
100%
πŸŒΊπŸ„πŸŒ‹ Hawaii
93%
🏁🌽🏎️ Indiana
80%
πŸŽ°πŸ‘½β˜’οΈ Nevada
80%
πŸŽ¬πŸ–οΈπŸ· California
73%
πŸš€πŸ‘΅πŸΌπŸŠ Florida
73%
🀠⭐πŸ₯© Texas
73%
πŸŒ΅β˜€οΈπŸœοΈ Arizona
67%
β›·οΈβ›°οΈπŸŒΏ Colorado
67%
πŸ‘πŸ›«πŸ₯œ Georgia
67%
πŸ₯”⛰️⛷️ Idaho
67%
πŸŒ½πŸ™οΈπŸŽ© Illinois
67%
πŸ‡«πŸ‡·πŸ¦πŸŽ· Louisiana
67%
🦞🫐🌲 Maine
67%
πŸŽ“πŸ‚πŸ€ Massachusetts
67%
πŸŒΆοΈπŸ›ΈπŸΊ New Mexico
67%
πŸ””πŸ₯ŠπŸ“œπŸ« Pennsylvania
67%
πŸŽΈπŸŽΆπŸ›οΈ Tennessee
67%
🍁πŸ₯žπŸ‚ Vermont
67%
πŸ§€πŸ¦‘πŸΊ Wisconsin
67%
πŸ¦€πŸ›·πŸ» Alaska
60%
1οΈβƒ£πŸ’πŸ‘΄πŸ» Delaware
60%
🌻πŸŒͺ️🌾 Kansas
60%
πŸ‡πŸͺ™πŸ₯ƒ Kentucky
60%
πŸš—π–£‘πŸΊ Michigan
60%
πŸ”οΈπŸ»πŸ‚ Montana
60%
πŸ”οΈπŸ³οΈβ€πŸŒˆπŸ‘Ÿ Oregon
60%
πŸŽβ˜•πŸŒ§οΈ Washington
60%
πŸ’΅πŸŽ“πŸ‡ Connecticut
53%
πŸŒ½πŸ–βšΎ Iowa
53%
πŸ¦€πŸ›οΈβš“ Maryland
53%
πŸ‘¨πŸΏπŸŽΊπŸšοΈ Mississippi
53%
🌽🌾🏈 Nebraska
53%
πŸŽ²πŸ–οΈπŸ‘ New Jersey
53%
πŸ›©οΈπŸš¬πŸ€ North Carolina
53%
πŸ›’οΈπŸŒͺ️πŸͺΆ Oklahoma
53%
βš“β›΅πŸ° Rhode Island
53%
πŸŒ΄πŸŒ™πŸ–οΈ South Carolina
53%
β›ͺ🏜️🐝 Utah
53%
πŸ‡¬πŸ‡§βš”οΈπŸ›οΈ Virginia
53%
πŸ¦¬β›·οΈβ™¨οΈ Wyoming
53%
πŸŸ₯🏈❌ Alabama
47%
πŸ’ŽπŸ—β™¨οΈ Arkansas
47%
πŸ›ΆπŸŒ½πŸ¦† Minnesota
47%
πŸͺ¨πŸ—Ώβ›·οΈ New Hampshire
47%
πŸ›’οΈπŸŒΎπŸ¦¬ North Dakota
47%
πŸ‘¨β€πŸš€πŸŒ°πŸ­ Ohio
47%
πŸ—ΏπŸοΈπŸŒΎ South Dakota
47%
πŸ–β‹’πŸš£πŸΎ Missouri
40%
β›οΈπŸ’‰πŸŽ» West Virginia
40%
No matching quizzes found
Score Distribution
Percent of People with Each Score
Percentile by Number Answered
Your Score History
You have not taken this quiz